00904nac a22002291u 4500010001300000020001500013020002200028082001900050090001500069100003400084245006900118260006400187300003600251500002000287504003200307650001800339856008600357856007400443942002100517999001500538952012100553 a85030914 a0521262852 a0521269121 (pbk.)00a330.028bS7359 c1639d1639 aSpanos, Aris, 10aStatistical foundations of econometric modelling /cAris Spanos. aCambridge ;aNew York :bCambridge University Press,c1986. axxiii, 695 p. :bill. ;c24 cm. aIncludes index. aBibliography: p. [673]-688. 0aEconometrics.423Publisher descriptionuhttp://www.loc.gov/catdir/description/cam023/85030914.html423Table of contentsuhttp://www.loc.gov/catdir/toc/cam028/85030914.html cBBk330.028S7359 c1639d1639 00104070aMAINbMAINc1STd2006-11-21ePurchasel1m1o330.028 SPAp000002702r2025-07-15 00:00:00s2013-08-26yBB